[Event "2. Torneio Aberto do Brasil - Fortaleza"]
[Site "Fortaleza BRA"]
[Date "2012.04.08"]
[Round "7.46"]
[White "Mateus, Janete De Alcantara"]
[Black "Ribeiro, Orlando Alves"]
[Result "0-1"]
[WhiteElo "1888"]
[BlackElo "1885"]
[PlyCount "70"]
[EventDate "2012.04.05"]
[EventType "swiss"]
[EventRounds "7"]
[EventCountry "BRA"]
[Source "lmi"]
[SourceDate "2012.08.05"]

1. d4 d5 2. Bf4 Nf6 3. g3 e6 4. Bg2 Be7 5. Nf3 Nbd7 6. O-O O-O 7. Nbd2 Nh5 8.
Be3 Ndf6 9. c4 b6 10. Rc1 Bb7 11. Ng5 h6 12. Nh3 Bd6 13. f4 Rc8 14. Nf2 c5 15.
Nb3 Ne4 16. Bd2 Nxd2 17. Qxd2 cxd4 18. Nxd4 Nf6 19. e3 Qe7 20. Rfd1 Rfd8 21.
cxd5 Bb4 22. Qe2 Bxd5 23. b3 Bxg2 24. Kxg2 Qb7+ 25. Qf3 Nd5 26. Rxc8 Rxc8 27.
e4 Nf6 28. Rd3 Qc7 29. Ng4 Nxg4 30. Qxg4 Qc1 31. Rd1 Qe3 32. f5 Rd8 33. Qf4
Qxf4 34. gxf4 Bc5 35. fxe6 fxe6 0-1

[Event "2. Torneio Aberto do Brasil - Fortaleza"]
[Site "Fortaleza BRA"]
[Date "2012.04.08"]
[Round "7.47"]
[White "Amancio, Arnaldo Regis"]
[Black "Dos Reis, Virginia Lagrange"]
[Result "0-1"]
[WhiteElo "1884"]
[BlackElo "1853"]
[PlyCount "48"]
[EventDate "2012.04.05"]
[EventType "swiss"]
[EventRounds "7"]
[EventCountry "BRA"]
[Source "lmi"]
[SourceDate "2012.08.05"]

1. d4 Nf6 2. c4 c5 3. d5 b5 4. cxb5 a6 5. b6 g6 6. Nc3 d6 7. e4 Bg7 8. Be2 O-O
9. Nf3 Nfd7 10. b7 Bxb7 11. O-O Nb6 12. a4 a5 13. Re1 Na6 14. Bxa6 Bxa6 15. Nb5
Bxb5 16. axb5 Qd7 17. Bf4 a4 18. e5 Qxb5 19. Re2 Nxd5 20. Bg5 e6 21. Qd2 dxe5
22. Re4 f5 23. Rxe5 Bxe5 24. Nxe5 Rfb8 0-1

[Event "2. Torneio Aberto do Brasil - Fortaleza"]
[Site "Fortaleza BRA"]
[Date "2012.04.08"]
[Round "7.49"]
[White "Lima, Antonio Stenio Patr"]
[Black "Cunha, Rafael Fernandes"]
[Result "1/2-1/2"]
[WhiteElo "1799"]
[BlackElo "1827"]
[PlyCount "78"]
[EventDate "2012.04.05"]
[EventType "swiss"]
[EventRounds "7"]
[EventCountry "BRA"]
[Source "lmi"]
[SourceDate "2012.08.05"]

1. e4 c5 2. Nf3 e6 3. d4 cxd4 4. Nxd4 a6 5. Nc3 d6 6. Bc4 Nf6 7. Bb3 b5 8. f3
Bb7 9. Be3 d5 10. exd5 Nxd5 11. Nxd5 Bxd5 12. O-O Bc5 13. Bxd5 Qxd5 14. Bf2 Nc6
15. Nxc6 Qxc6 16. Qe2 O-O 17. Rad1 Rac8 18. Rd2 Rfd8 19. Rfd1 Bxf2+ 20. Kxf2
Qc7 21. g3 h5 22. Rxd8+ Rxd8 23. Rxd8+ Qxd8 24. Qd3 Qxd3 25. cxd3 Kf8 26. Ke3
Ke7 27. Kd4 Kd6 28. Kc3 Kc5 29. d4+ Kc6 30. f4 Kd5 31. Kd3 a5 32. b3 f6 33. Ke3
g5 34. fxg5 fxg5 35. h3 e5 36. dxe5 Kxe5 37. a3 b4 38. a4 g4 39. h4 Kd5 1/2-1/2

[Event "2. Torneio Aberto do Brasil - Fortaleza"]
[Site "Fortaleza BRA"]
[Date "2012.04.08"]
[Round "7.50"]
[White "Urquidi, Fabio Moraes"]
[Black "Rodrigues, Vanessa Ketlyn So"]
[Result "1-0"]
[WhiteElo "1780"]
[BlackElo "1740"]
[PlyCount "91"]
[EventDate "2012.04.05"]
[EventType "swiss"]
[EventRounds "7"]
[EventCountry "BRA"]
[Source "lmi"]
[SourceDate "2012.08.05"]

1. e4 d5 2. exd5 Qxd5 3. Nc3 Qa5 4. d4 c6 5. Bd2 Qc7 6. Bd3 Nf6 7. h3 g6 8. Nf3
Bg7 9. Ne4 Nbd7 10. c3 O-O 11. O-O Nxe4 12. Bxe4 f5 13. Bd3 e5 14. dxe5 Nxe5
15. Nxe5 Bxe5 16. Bh6 Bg7 17. Bc4+ Kh8 18. Bxg7+ Kxg7 19. Re1 b5 20. Qd4+ Rf6
21. Qc5 Qd6 22. Re7+ Kh6 23. Qxd6 Rxd6 24. Bb3 Bd7 25. Rd1 Rxd1+ 26. Bxd1 Rd8
27. Bb3 f4 28. Bg8 Bf5 29. Rxh7+ Kg5 30. Bb3 a5 31. h4+ Kg4 32. a4 Rd2 33. axb5
Rxb2 34. Bd1+ f3 35. Bxf3+ Kf4 36. Bxc6 a4 37. Ra7 Bc2 38. c4 Ke5 39. Ra6 Rb4
40. Bd5 Kd4 41. b6 a3 42. b7 Rb3 43. Rxa3 Rb6 44. Ra8 Rxb7 45. Bxb7 Kxc4 46.
Rd8 1-0

[Event "2. Torneio Aberto do Brasil - Fortaleza"]
[Site "Fortaleza BRA"]
[Date "2012.04.08"]
[Round "7.51"]
[White "Marino, Felipe Gabriel"]
[Black "Rezende, Guilherme Vilela"]
[Result "0-1"]
[WhiteElo "1616"]
[BlackElo "2039"]
[PlyCount "120"]
[EventDate "2012.04.05"]
[EventType "swiss"]
[EventRounds "7"]
[EventCountry "BRA"]
[Source "lmi"]
[SourceDate "2012.08.05"]

1. e4 c5 2. Nf3 e6 3. d4 cxd4 4. Nxd4 a6 5. Be2 b5 6. c4 bxc4 7. Bxc4 Bb7 8.
Nc3 Nf6 9. Qe2 Bb4 10. f3 d5 11. exd5 Nxd5 12. Bxd5 Bxd5 13. Qe5 O-O 14. O-O
Nd7 15. Qg3 Bc4 16. Rd1 f5 17. Bf4 Bc5 18. Bd6 f4 19. Bxf4 Rxf4 20. Qxf4 e5 21.
Qe4 Bxd4+ 22. Rxd4 exd4 23. Qxd4 Qb6 24. Qxb6 Nxb6 25. b3 Bb5 26. a4 Be8 27. a5
Nd7 28. Nd5 Bf7 29. Rd1 Bxd5 30. Rxd5 Ra7 31. Rd6 Kf7 32. Kf2 Ke7 33. Rc6 Ne5
34. Rb6 Nd3+ 35. Ke3 Ne1 36. g3 Nc2+ 37. Kd3 Na3 38. Kc3 Nb5+ 39. Kd3 Rd7+ 40.
Kc2 Nc7 41. f4 Rd5 42. b4 Rb5 43. Kd3 Kd7 44. Kc4 Rf5 45. h3 Rh5 46. h4 Rf5 47.
Kd4 Rd5+ 48. Kc4 Rd1 49. Kc5 Rc1+ 50. Kd4 Rg1 51. Ke5 Rxg3 52. Rd6+ Kc8 53. Ke4
Rh3 54. Ke5 Rxh4 55. Kf5 Rh5+ 56. Ke4 Rb5 57. Rb6 Rxb6 58. axb6 Ne8 59. Kd5 Kb7
60. Kc5 h5 0-1

[Event "2. Torneio Aberto do Brasil - Fortaleza"]
[Site "Fortaleza BRA"]
[Date "2012.04.08"]
[Round "7.52"]
[White "Lemos, Anderson Willian Pe"]
[Black "Alves, Sidney David"]
[Result "1/2-1/2"]
[WhiteElo "1941"]
[BlackElo "1512"]
[PlyCount "61"]
[EventDate "2012.04.05"]
[EventType "swiss"]
[EventRounds "7"]
[EventCountry "BRA"]
[Source "lmi"]
[SourceDate "2012.08.05"]

1. e4 d6 2. d4 Nf6 3. Nc3 g6 4. Nf3 Bg7 5. Be3 c6 6. h3 Nbd7 7. Bd3 Qc7 8. O-O
O-O 9. Qd2 b5 10. Bh6 b4 11. Ne2 a5 12. Bxg7 Kxg7 13. c3 c5 14. c4 Bb7 15. d5
a4 16. b3 axb3 17. axb3 Ra3 18. Rxa3 bxa3 19. Ra1 Ra8 20. Nc3 Qa5 21. Nb5 Qb4
22. Qxb4 cxb4 23. Nd2 Nc5 24. Bc2 h5 25. f3 h4 26. Nf1 Nh5 27. Ne3 Nf4 28. Nd1
Ne2+ 29. Kf1 Nd4 30. Nxd4 g5 31. Nf2 1/2-1/2

[Event "2. Torneio Aberto do Brasil - Fortaleza"]
[Site "Fortaleza BRA"]
[Date "2012.04.08"]
[Round "7.53"]
[White "De Macedo, Alexandre Ricardo S"]
[Black "Correia, Aristoteles De Jesu"]
[Result "1-0"]
[WhiteElo "1920"]
[BlackElo "1817"]
[PlyCount "94"]
[EventDate "2012.04.05"]
[EventType "swiss"]
[EventRounds "7"]
[EventCountry "BRA"]
[Source "lmi"]
[SourceDate "2012.08.05"]

1. f4 Nf6 2. Nf3 Nc6 3. b3 d5 4. Bb2 Bf5 5. e3 e6 6. Bb5 Bd6 7. O-O a6 8. Be2
Qe7 9. Ne5 O-O 10. d3 Nd7 11. Nxc6 bxc6 12. Nd2 Bg6 13. Nf3 e5 14. g3 e4 15.
Nh4 exd3 16. cxd3 Qxe3+ 17. Rf2 Nc5 18. Ng2 Qe6 19. b4 Nd7 20. Nh4 Bxb4 21. f5
Qe3 22. Bc1 Qd4 23. Rb1 Bc5 24. Qf1 Qa4 25. Kg2 Bxf2 26. Qxf2 Qc2 27. Ra1 Rab8
28. Ba3 Rfe8 29. Re1 Bh5 30. Bxh5 Qxd3 31. Rxe8+ Rxe8 32. Bb2 c5 33. Bf3 c6 34.
Kh3 Qb5 35. Qd2 d4 36. Bd1 Nf6 37. Qg2 Nd5 38. Qf2 d3 39. Nf3 Ne3 40. Bb3 c4
41. Nd4 Qb6 42. Ba4 c5 43. Nc6 Nd5 44. Qf3 Ne3 45. Bc3 Qb1 46. Ne7+ Kf8 47.
Qxe3 Rxe7 1-0

[Event "2. Torneio Aberto do Brasil - Fortaleza"]
[Site "Fortaleza BRA"]
[Date "2012.04.08"]
[Round "7.54"]
[White "Azevedo, Eduardo Jose E De"]
[Black "Baptista, Andre Kemper"]
[Result "1-0"]
[WhiteElo "1909"]
[BlackElo "1768"]
[PlyCount "91"]
[EventDate "2012.04.05"]
[EventType "swiss"]
[EventRounds "7"]
[EventCountry "BRA"]
[Source "lmi"]
[SourceDate "2012.08.05"]

1. Nf3 b6 2. g3 Bb7 3. Bg2 c5 4. O-O Nc6 5. d4 cxd4 6. Nxd4 Nf6 7. c4 e5 8. Nb5
Qb8 9. Bg5 a6 10. Bxf6 gxf6 11. N5c3 Ne7 12. Nd5 Nxd5 13. Bxd5 Bc5 14. Nc3 Bxd5
15. Nxd5 Qd6 16. Qd3 O-O-O 17. a3 a5 18. e3 a4 19. b4 axb3 20. Qxb3 h5 21. h4
Rdg8 22. Rfd1 e4 23. Kh2 Rg4 24. Rab1 Rxh4+ 25. Kg2 Rg4 26. Nxb6+ Qxb6 27. Qxb6
Bxb6 28. Rxb6 h4 29. Rh1 Rhg8 30. Rh3 hxg3 31. Rxg3 Rxg3+ 32. fxg3 Rg6 33. Kh3
Kc7 34. Rb5 Kd6 35. a4 Rg8 36. a5 Ra8 37. Kg4 Rc8 38. a6 Rxc4 39. Ra5 Rc8 40.
a7 Ra8 41. Kf5 Ke7 42. Kxe4 Ke6 43. Ra6+ d6 44. g4 Kd7 45. Kf5 Ke7 46. e4 1-0

[Event "2. Torneio Aberto do Brasil - Fortaleza"]
[Site "Fortaleza BRA"]
[Date "2012.04.08"]
[Round "7.55"]
[White "Cunha, Adriano De Jesus Si"]
[Black "Lima Filho, Jose Pacifico"]
[Result "1/2-1/2"]
[WhiteElo "2040"]
[BlackElo "1891"]
[PlyCount "140"]
[EventDate "2012.04.05"]
[EventType "swiss"]
[EventRounds "7"]
[EventCountry "BRA"]
[Source "lmi"]
[SourceDate "2012.08.05"]

1. e4 c5 2. Nf3 Nc6 3. d3 Nf6 4. g3 e5 5. Bg2 Be7 6. O-O d6 7. h3 O-O 8. Nc3
Be6 9. Kh2 Rc8 10. Re1 a6 11. a4 Qd7 12. Ng5 Nd4 13. Ne2 Nc6 14. Nc3 Ne8 15.
Nxe6 fxe6 16. Kg1 Nd4 17. Be3 Nc7 18. Rf1 d5 19. Bd2 Rf7 20. Rc1 Rcf8 21. f4
Bf6 22. b3 exf4 23. gxf4 g6 24. Ne2 dxe4 25. dxe4 e5 26. Nc3 exf4 27. Bxf4 Nce6
28. Be3 Be5 29. Qd3 Nf4 30. Bxf4 Rxf4 31. Nd5 Rxf1+ 32. Rxf1 Rxf1+ 33. Qxf1 Qf7
34. Qc4 Nc6 35. Qf1 Qxf1+ 36. Bxf1 Nd4 37. Bd3 Kf7 38. Kf2 g5 39. Ne3 h5 40.
Nc4 Bf4 41. Nb6 Ke6 42. Nd5 Ke5 43. Nb6 Ke6 44. Nc4 h4 45. Na3 Bg3+ 46. Kg2 Bc7
47. c3 Nc6 48. Bc4+ Ke5 49. Bd5 Kf4 50. Kf2 Be5 51. Nb1 g4 52. hxg4 Kxg4 53.
Be6+ Kf4 54. Bc8 Nd8 55. Bf5 Nf7 56. Nd2 Nd6 57. Bh3 Bxc3 58. Nc4 Nxe4+ 59. Kf1
Ng5 60. Bc8 b5 61. Nb6 Ba5 62. Nd5+ Ke5 63. Ne7 Kd6 64. Nf5+ Ke5 65. Nxh4 c4
66. bxc4 bxc4 67. Bxa6 Kd4 68. Ke2 Ne4 69. Nf3+ Kc5 70. Ne5 Nc3+ 1/2-1/2

[Event "2. Torneio Aberto do Brasil - Fortaleza"]
[Site "Fortaleza BRA"]
[Date "2012.04.08"]
[Round "7.56"]
[White "Moro, Antonio Renato Pere"]
[Black "Machado, Fernando Augusto Di"]
[Result "1-0"]
[WhiteElo "1832"]
[BlackElo "1863"]
[PlyCount "62"]
[EventDate "2012.04.05"]
[EventType "swiss"]
[EventRounds "7"]
[EventCountry "BRA"]
[Source "lmi"]
[SourceDate "2012.08.05"]

1. e4 c5 2. a3 Nc6 3. b4 cxb4 4. axb4 Nxb4 5. d4 Qc7 6. c3 Na6 7. Nf3 g6 8. Bd3
Bg7 9. O-O Nh6 10. Bd2 O-O 11. Na3 d6 12. Nb5 Qd8 13. Qc1 Ng4 14. h3 Nf6 15. e5
dxe5 16. Nxe5 Nd7 17. Nf3 e5 18. Bg5 Qb6 19. Rb1 exd4 20. cxd4 Nf6 21. Nc3 Qc6
22. Ne5 Qc7 23. Bf4 Qd8 24. Bxa6 bxa6 25. Rd1 Be6 26. Bg5 Qd6 27. Bxf6 Bxf6 28.
Ne4 Qd8 29. Nc6 Rc8 30. Nxd8 Rxc1 31. Nxf6+ Kg7 1-0

[Event "2. Torneio Aberto do Brasil - Fortaleza"]
[Site "Fortaleza BRA"]
[Date "2012.04.08"]
[Round "7.59"]
[White "Do Prado, Hamilton Mesquita"]
[Black "Paiva, Lucas Daniel Bezerr"]
[Result "0-1"]
[WhiteElo "1700"]
[BlackElo "1739"]
[PlyCount "88"]
[EventDate "2012.04.05"]
[EventType "swiss"]
[EventRounds "7"]
[EventCountry "BRA"]
[Source "lmi"]
[SourceDate "2012.08.05"]

1. d4 e5 2. dxe5 Nc6 3. Nf3 Qe7 4. Bf4 Qb4+ 5. Bd2 Qxb2 6. Bc3 Bb4 7. Bxb4 Nxb4
8. Na3 Qxa3 9. e3 Qc3+ 10. Ke2 Qxc2+ 11. Qxc2 Nxc2 12. Rc1 Nb4 13. Rxc7 Nc6 14.
Kd2 Kd8 15. Rxc6 dxc6 16. Ng5 Nh6 17. Bc4 Be6 18. Bxe6 fxe6 19. Nxe6+ Ke7 20.
Nc5 Rad8+ 21. Kc3 Rd5 22. Nxb7 Rb8 23. Nd6 Rxe5 24. Nc4 Reb5 25. e4 Rb1 26. Ne5
Kd6 27. Rxb1 Rxb1 28. f4 Rf1 29. Nd3 Ng4 30. h3 Nf2 31. e5+ Ke7 32. Nb4 Ke6 33.
Kc4 c5 34. Nc6 a6 35. g4 g6 36. Nd8+ Ke7 37. Nc6+ Ke8 38. f5 gxf5 39. gxf5 Nxh3
40. f6 Re1 41. Kd3 Nf4+ 42. Kc4 Ne6 43. Kd5 Kf7 44. Nb8 h5 0-1

[Event "2. Torneio Aberto do Brasil - Fortaleza"]
[Site "Fortaleza BRA"]
[Date "2012.04.08"]
[Round "7.60"]
[White "Bueno, Marcos Antonio Ferr"]
[Black "Nogueira, Jorge Da Silva"]
[Result "0-1"]
[WhiteElo "1793"]
[BlackElo "1554"]
[PlyCount "130"]
[EventDate "2012.04.05"]
[EventType "swiss"]
[EventRounds "7"]
[EventCountry "BRA"]
[Source "lmi"]
[SourceDate "2012.08.05"]

1. Nf3 Nf6 2. g3 d5 3. Bg2 Nbd7 4. O-O e5 5. d3 c6 6. Nbd2 Bd6 7. e4 O-O 8. Re1
Re8 9. Nf1 h6 10. Ne3 Nf8 11. Nd2 Bc5 12. Nb3 Bb6 13. a4 a5 14. Nd2 N8h7 15. h3
Ng5 16. Kh2 Qd7 17. g4 Ne6 18. Nf3 Nf4 19. Kg1 Qc7 20. Nf5 dxe4 21. dxe4 Rd8
22. Bd2 Bxf5 23. gxf5 Rd7 24. Qc1 N6h5 25. Bf1 Rad8 26. Be3 Nf6 27. Bd2 c5 28.
Bxf4 exf4 29. Bb5 Re7 30. e5 Nh5 31. Bc4 Qc6 32. Ra3 Rd4 33. Nxd4 cxd4 34. Bb5
Qd5 35. Qd1 g6 36. fxg6 fxg6 37. Qd3 Kg7 38. Bc4 Qc6 39. e6 Bc5 40. Raa1 Qd6
41. Rad1 Qc6 42. b3 f3 43. Qe4 Qc7 44. Qxf3 Nf4 45. Re4 Nh5 46. Ree1 Bb4 47.
Re4 Bc5 48. Rg4 Qe5 49. Qe4 Qxe4 50. Rxe4 Nf6 51. Re5 b6 52. Rd3 Ne8 53. c3
dxc3 54. Rxc3 Bd4 55. Rce3 Nd6 56. Bd5 Nf5 57. Re2 Bxe5 58. Rxe5 Kf6 59. Re1
Rc7 60. Bc4 Ne7 61. Kg2 Rc5 62. f4 g5 63. Rf1 Kg6 64. Kg3 Nf5+ 65. Kg2 Ne3+ 0-1

[Event "2. Torneio Aberto do Brasil - Fortaleza"]
[Site "Fortaleza BRA"]
[Date "2012.04.08"]
[Round "7.63"]
[White "Macedo, Luiz Soares De"]
[Black "Silva, Agamenon Viana Da"]
[Result "1-0"]
[WhiteElo "1757"]
[BlackElo "1693"]
[PlyCount "115"]
[EventDate "2012.04.05"]
[EventType "swiss"]
[EventRounds "7"]
[EventCountry "BRA"]
[Source "lmi"]
[SourceDate "2012.08.05"]

1. e4 Nc6 2. Nf3 e6 3. d4 d5 4. e5 Be7 5. Bb5 Bd7 6. a3 Nb8 7. Qe2 c6 8. Bd3
Qb6 9. b4 h6 10. O-O Bd8 11. Nc3 Bc8 12. Na4 Qc7 13. Rb1 b6 14. Be3 Ne7 15. Nh4
Qd7 16. Nb2 Ng8 17. Nf3 b5 18. Nd2 Qe7 19. Nb3 a5 20. Bd2 a4 21. Nc5 Qh4 22.
Be3 h5 23. Qd2 Nh6 24. f3 Ng8 25. c3 g6 26. Bf2 Qg5 27. f4 Qh6 28. Be3 h4 29.
Be2 h3 30. g3 Qg7 31. Nd1 Nh6 32. Nf2 Nf5 33. g4 g5 34. fxg5 Nxe3 35. Qxe3 Bxg5
36. Qf3 Qh7 37. Nh1 Nd7 38. Ng3 Nxc5 39. bxc5 Ke7 40. Bd3 Qg7 41. Nh5 Be3+ 42.
Kh1 Rxh5 43. gxh5 Qg2+ 44. Qxg2 hxg2+ 45. Kxg2 Bg5 46. Rf3 Bd7 47. Rbf1 Rf8 48.
Kh3 f5 49. exf6+ Rxf6 50. Rxf6 Bxf6 51. Bg6 e5+ 52. Kg3 exd4 53. Re1+ Be6 54.
cxd4 Bxd4 55. Bf5 Bxc5 56. Rxe6+ Kf7 57. Rxc6 Bxa3 58. Bc2 1-0

[Event "2. Torneio Aberto do Brasil - Fortaleza"]
[Site "Fortaleza BRA"]
[Date "2012.04.08"]
[Round "7.65"]
[White "Laroca, Alvaro Ney"]
[Black "Bezerra, Francisca Rejane De"]
[Result "1-0"]
[WhiteElo "1605"]
[BlackElo "1767"]
[PlyCount "64"]
[EventDate "2012.04.05"]
[EventType "swiss"]
[EventRounds "7"]
[EventCountry "BRA"]
[Source "lmi"]
[SourceDate "2012.08.05"]

1. e4 d5 2. exd5 Qxd5 3. Nc3 Qa5 4. Nf3 Nf6 5. Bc4 e6 6. d4 Be7 7. Bd2 O-O 8.
Nd5 Qa4 9. Nxe7+ Kh8 10. Bb3 Qd7 11. Nxc8 Qxc8 12. Bb4 Rd8 13. Be7 Rd7 14. Bxf6
gxf6 15. Qe2 Nc6 16. O-O-O a5 17. d5 exd5 18. Bxd5 Re7 19. Qc4 Ra6 20. Bxf7 Nb4
21. a3 Rc6 22. Qf4 Rxf7 23. axb4 axb4 24. Ne5 Rf8 25. Nxc6 bxc6 26. Qxb4 Rg8
27. Qc3 Rf8 28. Qxc6 Kg8 29. Rd7 Qe8 30. Qxc7 Rf7 31. Rxf7 Qxf7 32. Qxf7+ Kxf7
1-0